Sports Quiz

Random Sports or NCAA Quiz

Double-Digit Final Four Teams Quiz Stats

 Plays Quiz Updated Mar 24, 2018

Challenge
Share
Tweet
Embed
Score 0/5 Timer 02:00
7 Plays Today
Seed School % Correct
11Loyola (IL)
87.2%
11George Mason
73.2%
11Virginia Commonwealth
69.9%
10Syracuse
64.5%
11Louisiana State
31.1%

You're not logged in!

Compare scores with friends on all Sporcle quizzes.
OR
Log In

You Might Also Like...

Show Comments

Extras

Top Quizzes Today


Score Distribution

Your Account Isn't Verified!

In order to create a playlist on Sporcle, you need to verify the email address you used during registration. Go to your Sporcle Settings to finish the process.

Report this User

Report this user for behavior that violates our Community Guidelines.

Details: